Norwich City squad 24/25 - Statistics

General Stats
  • This quiz has been taken 37 times
  • The average score is 23 of 29
Answer Stats
Number Position Answer % Correct
#1 GK Angus Gunn
100%
#9 ST Josh Sargent
100%
#7 LM Borja Sainz
97%
#3 RB Jack Stacey
97%
#26 CM Marcelino Nunez
97%
#5 CB Grant Hanley
93%
#23 CDM Kenny Mclean
93%
#4 CB Shane Duffy
93%
#12 GK George Long
90%
- Manager Johannes Hoff Thorup
90%
#33 CB Jose Cordoba
90%
#35 RB Kellen Fisher
90%
#25 LW Onel Hernandez
90%
#6 LB Callum Doyle
86%
#11 CAM Emiliano Marcondes
86%
#17 ST Ante Crnac
79%
#10 ST Ashley Barnes
79%
#8 CM Liam Gibbs
76%
#14 LB Ben Chrisene
72%
#19 CDM Jacob Sorensen
69%
#29 CAM Oscar Schwartau
69%
#18 CM Amankwah Forson
66%
#40 CB Brad Hills
66%
#20 CM Anis Ben Slimane
62%
#21 RW Kaide Gordon
59%
#37 GK Archie Mair
52%
#16 RM Christian Fassnacht
52%
#50 CB Jaden Warner
48%
#41 CAM Gabriel Forsyth
45%
No matching quizzes found
Score Distribution
Percent of People with Each Score
Percentile by Number Answered
Your Score History
You have not taken this quiz